Online
Catalog

El rol de la UASD en la sociedad dominicana / (Record no. 27475)

MARC details
000 -CABECERA
campo de control de longitud fija 01059nam a2200217 a 4500
001 - NÚMERO DE CONTROL
campo de control 000027983
005 - FECHA Y HORA DE LA ÚLTIMA TRANSACCIÓN
campo de control 20200930031243.0
008 - DATOS DE LONGITUD FIJA--INFORMACIÓN GENERAL
campo de control de longitud fija 110406s1992 dr 000 0 spa d
040 ## - FUENTE DE LA CATALOGACIÓN
Centro catalogador/agencia de origen DO-SdBNP
Lengua de catalogación spa
Centro/agencia transcriptor BNPHU
082 ## - NÚMERO DE LA CLASIFICACIÓN DECIMAL DEWEY
Número de clasificación xxxx
Número de documento/Ítem R252r
049 ## - FONDOS LOCALES (OCLC)
Fondos de biblioteca BNPD
100 1# - ENTRADA PRINCIPAL--NOMBRE DE PERSONA
Nombre de persona Ravelo Astacio, Julio
9 (RLIN) 25963
245 13 - MENCIÓN DE TÍTULO
Título El rol de la UASD en la sociedad dominicana /
Mención de responsabilidad, etc. Julio Ravelo Astacio.
260 ## - PUBLICACIÓN, DISTRIBUCIÓN, ETC.
Lugar de publicación, distribución, etc. Santo Domingo :
Nombre del editor, distribuidor, etc. Editora Universitaria-UASD,
Fecha de publicación, distribución, etc. 1992.
300 ## - DESCRIPCIÓN FÍSICA
Extensión 15 p. ;
Dimensiones 21 cm.
490 1# - MENCIÓN DE SERIE
Mención de serie Publicaciones de la Univerdidad Autónoma de Santo Domingo
Designación de volumen o secuencia 696
490 1# - MENCIÓN DE SERIE
Mención de serie Actos académicos
Designación de volumen o secuencia no. 16
500 ## - NOTA GENERAL
Nota general Conferencia pronunciada por el Dr. Julio Ravelo Astacio rector magnífico de la Universidad Autónoma de Santo Domingo-UASD a los alumnos caballeros oficiales superiores de la 9na. promoción del curso "Comando y estado mayor" en Instituto Militar de Educación Superior "General de Brigada Juan Pablo Duarte".
830 #0 - PUNTO DE ACCESO ADICIONAL DE SERIE-TÍTULO UNIFORME
Título uniforme Actos académicos
Designación de volumen o secuencia no 16
9 (RLIN) 55042
830 #0 - PUNTO DE ACCESO ADICIONAL DE SERIE-TÍTULO UNIFORME
Título uniforme Publicaciones de la Univerdidad Autónoma de Santo Domingo
Designación de volumen o secuencia 696
9 (RLIN) 55043
Holdings
Estado de retiro Estado de pérdida No para préstamo Código de colección Localización permanente Ubicación/localización actual Ubicación en estantería Fecha de adquisición Número de inventario Total de préstamos Signatura topográfica completa Código de barras Fecha visto por última vez Precio válido a partir de Tipo de ítem Koha
    Excluido de préstamo Patrimonio Dominicano Patrimonio Dominicano Patrimonio Dominicano En catalogación 06.04.2011 LF1   xxxx R252r 27983-10 25.06.2020 25.06.2020 Libro y Folleto Colección Patrimonio Dominicano

Powered by Koha